Nzabudnime na tých, čo trpeli Sestra Zdenka Schelingová

Bibliographic Details
Main Author: Habovštiak, Anton, 1924-2004 (Author)
Format: Article
Language:Slovak
PhysicalDescription:Obr. 1
ISSN:0139-8512
Subjects:

MARC

LEADER 00000nab a2200000 a 4500
001 vtls000553599
003 SK-MaSNL
005 20260305044211.0
008 160216c1995 xo 0 slo
015 |a SNBRB19rr/mm-uuuuu 
035 |a CL0553737 
040 |a SNKBUCL  |b slo  |c SNKBUCL  |e AACR2 
041 0 |a slo 
044 |a xo  |c SK 
080 |a 271-051  |2 1981 
080 |a 929 Schelingová, Cecília  |2 1981 
100 1 |a Habovštiak, Anton,  |d 1924-2004  |4 aut  |9 92747 
245 1 0 |a Nzabudnime na tých, čo trpeli  |b Sestra Zdenka Schelingová  |c Anton Habovštiak 
300 |b Obr. 1 
600 0 7 |a Zdenka,  |c sestra,  |d 1916-19551  |2 snkbucl  |9 115658 
655 7 |a články z novín a časopisov  |2 snkbucl  |9 267496 
773 0 |t Katolícke noviny  |g Roč. 110, č. 31 (1995), s. 14  |x 0139-8512 
850 |a Slovenská národná knižnica v Martine  |a MTA001 
852 |a SNK  |b KIS3GCP 
958 |a BX 
958 |a RK 
992 |a RBX 
999 |c 3357076  |d 3359006